000 00477nam a2200181Ia 4500
001 11347
005 20260306162821.0
008 260306t1980||||xx |||||||||||||| ||spa||
041 _aESP
082 _a985.033
_bG59
100 _aGolte, Jürgen
_eAUT
245 0 _aRepartos y rebeliones:
_bTúpac Amaru y las contradicciones de la economía colonial
260 _c1980
300 _a256 páginas :
_c20 cm.
650 _aGEN
654 _aCHU
942 _cLIB
_dJUS
_fJUS
_2ddc
_n
999 _c11347
_d11347